<?xml version="1.0" encoding="UTF-8"?>
<marc:record xmlns:marc="http://www.loc.gov/MARC21/slim">
   <marc:leader>00000nam a2200000 a 4500</marc:leader>
   <marc:datafield ind1="1" ind2=" " tag="100">
      <marc:subfield code="a">Bay, Louise</marc:subfield>
      <marc:subfield code="4">aut</marc:subfield>
      <marc:subfield code="e">Verfasser/-in</marc:subfield>
   </marc:datafield>
   <marc:datafield ind1="0" ind2="0" tag="245">
      <marc:subfield code="a">Earl of London</marc:subfield>
   </marc:datafield>
   <marc:datafield ind1="0" ind2="0" tag="245">
      <marc:subfield code="c">Louise Bay</marc:subfield>
   </marc:datafield>
   <marc:datafield ind1=" " ind2="1" tag="264">
      <marc:subfield code="a">Köln</marc:subfield>
      <marc:subfield code="b">Lyx</marc:subfield>
      <marc:subfield code="c">2020</marc:subfield>
   </marc:datafield>
   <marc:datafield ind1="1" ind2=" " tag="520">
      <marc:subfield code="a">Angaben aus der Verlagsmeldung

Earl of London The Earl of London / von Louise Bay

Logan Steel: charmant wie Mr Darcy, heiß wie Christian Grey

Als Logan Steel die Ländereien zu seinem gerade erworbenen englischen Anwesen begutachten will, macht er die unerwartet ruppige Bekanntschaft mit Darcy Westbury - und ist augenblicklich dem heißen Prickeln zwischen ihnen erlegen. Doch das zwischen ihm und Darcy darf nicht sein. Denn Logan ist nicht irgendein attraktiver Fremder. Er ist ein britischer Lord mit einem Millionenvermögen, der nicht nur Darcys Familiensitz gekauft hat, sondern alles zerstören wird, was ihr wichtig ist ...

"Ich liebe Logan und Darcy und ihre britische Liebesgeschichte!" AUDREY CARLAN, SPIEGEL-Bestseller-Autorin

Band 5 der sinnlich-heißen "Kings-of-New-York"-Reihe von USA-TODAY-Bestseller-Autorin Louise Bay
</marc:subfield>
   </marc:datafield>
   <marc:datafield ind1=" " ind2=" " tag="020">
      <marc:subfield code="a">9783736311060</marc:subfield>
      <marc:subfield code="9">9783736311060</marc:subfield>
   </marc:datafield>
   <marc:datafield ind1=" " ind2=" " tag="020">
      <marc:subfield code="a">3736311060</marc:subfield>
      <marc:subfield code="9">3736311060</marc:subfield>
   </marc:datafield>
   <marc:datafield ind1=" " ind2=" " tag="041">
      <marc:subfield code="a">ger</marc:subfield>
   </marc:datafield>
   <marc:datafield ind1=" " ind2=" " tag="300">
      <marc:subfield code="a">352 Seiten</marc:subfield>
   </marc:datafield>
</marc:record>
